|
|
|
|
| LEADER |
00000nab a2200000 a 4500 |
| 001 |
vtls008415847 |
| 003 |
SK-MaSNL |
| 005 |
20260304180316.0 |
| 008 |
250505c2005 xo 0 slo |
| 015 |
|
|
|a SNBCL2005/5
|
| 035 |
|
|
|a SLK033910
|
| 035 |
|
|
|a urn:nbn:sk:snk-ab70li
|
| 035 |
|
|
|a (uuid)99ee5852-46fe-484a-ab85-4a66b9771950
|
| 035 |
|
|
|a (urnnbn)urn:nbn:sk:snk:ar-a06g9d
|
| 035 |
|
|
|a (sysno)vtls008415847
|
| 040 |
|
|
|a SNKBUCL
|b slo
|c SNKBUCL
|e AACR2
|
| 041 |
0 |
|
|a slo
|
| 044 |
|
|
|a xo
|c SK
|
| 080 |
|
|
|a 614.2:616-08
|2 1981
|
| 100 |
1 |
|
|a Čižmáriková, Iveta
|u Domov dôchodcov a sociálnych služieb, Martin
|4 aut
|9 1166127
|
| 245 |
1 |
0 |
|a Účinné využitie pravidiel komunikácie
|c Iveta Čižmáriková
|
| 300 |
|
|
|b Obr.
|
| 504 |
|
|
|a Bibliogr. odkazy
|
| 650 |
0 |
7 |
|a komunikácia
|2 MESH
|9 1362
|
| 650 |
0 |
7 |
|a vzťahy zdravotnícky pracovník-pacient
|2 MESH
|9 1339210
|
| 650 |
0 |
7 |
|a vzťahy zdravotnícky pracovník-rodina
|2 MESH
|9 1341820
|
| 650 |
0 |
7 |
|a klinická psychológia
|2 MESH
|9 2506
|
| 650 |
0 |
7 |
|a dopad choroby na pacienta, celkový
|2 MESH
|9 871286
|
| 650 |
0 |
7 |
|a služby zdravotnícke
|2 MESH
|9 888272
|
| 773 |
0 |
|
|t Sestra
|g Roč. 4, č. 6 (2005), s. 14-15
|x 1335-9444
|
| 850 |
|
|
|a Slovenská národná knižnica
|
| 852 |
|
|
|a Slovenská národná knižnica
|
| 954 |
|
|
|a odborná, vedecká literatúra pôvodná (slovenská)
|2 lita
|
| 958 |
|
|
|a article27
|
| 958 |
|
|
|a OND
|
| 958 |
|
|
|a EUIPO
|
| 999 |
|
|
|c 3017420
|d 3019350
|